| 000 | 01776cam a2200421 a 4500 | ||
|---|---|---|---|
| 001 | 16624891 | ||
| 003 | OSt | ||
| 005 | 20241116175904.0 | ||
| 008 | 110126s2009 gh k lw 000 0 eng | ||
| 010 | _a 2011348031 | ||
| 020 | _a9789964960889 | ||
| 040 |
_aDLC _cDLC |
||
| 042 |
_apcc _alcode |
||
| 043 | _af-gh--- | ||
| 050 | 0 | 0 |
_aKRX4604.3196 _b.M46 2009 |
| 100 | 1 | _aMensa-Bonsu, Henrietta J. A. N. | |
| 245 | 1 | 4 |
_aThe annotated Criminal and Other Offences (Procedure) Act of Ghana (Act 30, Act 653) / _cHenrietta J.A.N. Mensa-Bonsu. _bCriminal Procedure and Juvenile Justice Act of Ghana |
| 246 | 1 | 4 | _aAnnotated criminal procedure and Juvenile Justice Act of Ghana |
| 246 | 3 | _aCriminal procedure and Juvenile Justice Act of Ghana | |
| 250 | _a[3rd ed.]. | ||
| 260 |
_aAccra : _bBlack Mask, _c2009. |
||
| 300 |
_axxxiv, 331 p. : _bforms ; _c23 cm. |
||
| 490 | 0 | _aCriminal law series | |
| 500 | _aPreviously published as: The annotated Criminal Procedure Code of Ghana (Act 30). 1999. | ||
| 500 | _aAlso includes text of Juvenile Justice Act, 2003. | ||
| 500 | _aIncludes digests of court decisions. | ||
| 610 | 1 | 0 |
_aGhana. _tCriminal and Other Offences (Procedure) Act, 1960. |
| 610 | 1 | 0 |
_aGhana. _tJuvenile Justice Act, 2003. |
| 650 | 0 |
_aCriminal procedure _zGhana. |
|
| 650 | 0 |
_aCriminal procedure _zGhana _vDigests. |
|
| 650 | 0 |
_aJuvenile justice, Administration of _zGhana. |
|
| 700 | 1 |
_aMensa-Bonsu, Henrietta J. A. N. _tAnnotated Criminal Procedure Code of Ghana (Act 30) |
|
| 710 | 1 | 2 |
_aGhana. _tCriminal and Other Offences (Procedure) Act, 1960. |
| 710 | 1 | 2 |
_aGhana. _tJuvenile Justice Act, 2003. |
| 906 |
_a7 _bcbc _corigres _d2 _encip _f20 _gy-gencatlg |
||
| 942 |
_2lcc _cBK _n0 |
||
| 999 |
_c1268 _d1268 |
||